Film par affiche sans titre ni acteur - Statistiques

Statistiques générales
  • Ce quiz a été pris 85 fois
  • Le résultat moyen est 9 sur 16
Statistiques - réponses
Par images Réponse % Correct
Forrest Gump
96%
Retour vers le futur
83%
Le silence des agneaux
77%
Gladiator
73%
Orange mécanique
69%
Ratatouille
69%
Scarface
64%
L'exorciste
54%
American sniper
53%
Into the wild
50%
Akira
47%
Les goonies
46%
Il était une fois en Amérique
41%
Mars attaque
31%
Gremlins 2 : la nouvelle génération
29%
Tron l'héritage
23%
Aucun quiz correspondant
Distribution des résultats
% des personnes avec chaque résultat
Percentile par nombre de réponses
Votre historique - résultats
Vous n’avez pas pris ce quiz